| 000 | 00609nam a2200193 i 4500 | ||
|---|---|---|---|
| 001 | 37961 | ||
| 003 | ES-MaACL | ||
| 005 | 20230906155655.0 | ||
| 007 | t| | ||
| 008 | 030224s1911 fr ||||1| fre d | ||
| 100 | 1 |
_aBurileano, S. _932684 |
|
| 245 | 1 | 0 |
_aProbabilité du tir _b: théorie et application au tir de l'infanterie et de l'artillerie / _cS. Burileano. |
| 260 |
_a[S.l. : _bs.n., _c1911] ( _eSaint Amand : _fBussière) |
||
| 300 |
_a258 p. ; _c18 cm. |
||
| 490 | 1 | _aEncyclopédie scientifique | |
| 830 | 0 |
_aEncyclopédie scientifique _9180883 |
|
| 852 |
_aES-MaACL _jD-4393 |
||
| 999 |
_c37961 _d37961 |
||